000 01053nmm a2200313 a 4500
001 ocm0001132634
003 TR-IsHL
005 20201028152323.0
008 150709s2014 tu tur
007 cr cn
035 _a1132634
_b(N$T)
050 0 4 _aDR401
_b.D64 2014
090 0 4 _aDR401
_b.D64 2014
245 1 0 _aDoğu Batı düşünce dergisi, sayı 69: kitle ve iktidar
_h[electronic resource] /
_ceditör Cansu Özge Özmen
260 _aİstanbul :
_bDoğu Batı Yayınları,
_c2014
300 _a324 p.
500 _aMayıs, Haziran, Temmuz 2014, Yıl; 17, Sayı; 69.
_x
650 4 _aTarih
650 4 _aHistory
650 0 _aCulture
_xPeriodicals
650 0 _aPhilosophy
_xPeriodicals
650 0 _aEthics
650 0 _aKültür
_xSüreli Yayınlar
650 0 _aFelsefe
_xSüreli Yayınlar
650 0 _aEtik
650 7 _aHISTORY / Middle East / Turkey & Ottoman Empire
_2bisacsh
700 1 _aÖzmen, Cansu Özge
856 4 0 _uhttp://search.ebscohost.com/login.aspx?direct=true&scope=site&db=e011xww&AN=1132634
999 _c11468
_d11468